| 000 | 00955nam a2200277 i 4500 | ||
|---|---|---|---|
| 001 | 83511 | ||
| 003 | ES-MaACL | ||
| 005 | 20260525062928.0 | ||
| 007 | t| | ||
| 008 | 041117s1955 sp ||||1| spa d | ||
| 040 | _cES-MaACL | ||
| 080 | _a821.111(73)-34"18" | ||
| 100 | 1 |
_aIrving, Washington, _d1783-1859 _965506 _eaut |
|
| 245 | 1 | 0 |
_aCuentos de la Alhambra / _cpor Washington Irving ; traducción del inglés por J. Ventura Traveset. |
| 250 | _aQuinta edición | ||
| 260 |
_aMadrid : _bEspasa-Calpe, _c1955. |
||
| 300 |
_a220 páginas ; _c18 cm. |
||
| 490 | 1 |
_aColección austral ; _v186 |
|
| 655 | 0 |
_9234319 _aNovelas |
|
| 700 | 1 |
_aVentura Traveset, José _9161412 _etrl |
|
| 830 | 1 |
_aColección austral _v186 _9177655 |
|
| 852 |
_aES-MaACL _jC-11106 _bR.38369 _986589 _cSPAL _xEncuadernación rústica |
||
| 942 |
_cMONOGRAFIA _n0 |
||
| 954 | _iInmaculada Vicente García | ||
| 999 |
_c83511 _d83511 |
||